[Event "FRA-chT2 0910"]
[Site "France"]
[Date "2010.01.24"]
[Round "7.5"]
[White "Bonnaud, Remy"]
[Black "Beneteau, Hubert"]
[Result "1/2-1/2"]
[WhiteElo "2213"]
[BlackElo "2098"]
[PlyCount "94"]
[EventDate "2009.09.27"]
[EventType "team"]
[EventRounds "11"]
[EventCountry "FRA"]
[SourceDate "2009.07.26"]

1. e4 c5 2. c3 d5 3. exd5 Qxd5 4. d4 Nf6 5. Nf3 Bg4 6. Qa4+ Bd7 7. Qb3 Qxb3 8.
axb3 e6 9. dxc5 Bxc5 10. b4 Bb6 11. Be2 O-O 12. Na3 Ng4 13. O-O Bc7 14. Nb5
Bxb5 15. Bxb5 Nc6 16. Bxc6 bxc6 17. h3 Ne5 18. Nxe5 Bxe5 19. Be3 a6 20. Ra4
Rfd8 21. Rfa1 f5 22. f4 Bc7 23. Rxa6 Rac8 24. Kf2 e5 25. Rxc6 exf4 26. Bd4 Be5
27. b5 Bxd4+ 28. cxd4 Rb8 29. b6 Rxd4 30. Ra7 Rb4 31. Rcc7 Rxb2+ 32. Kf3 R2xb6
33. Rxg7+ Kf8 34. Rxh7 Rb3+ 35. Kxf4 R8b4+ 36. Kg5 Kg8 37. Rag7+ Kf8 38. Rf7+
Kg8 39. Rfg7+ Kf8 40. Kh5 f4 41. Rf7+ Kg8 42. Rhg7+ Kh8 43. Rg4 Rb2 44. Kg5
Rb5+ 45. Rf5 Rb7 46. Rfxf4 Rg7+ 47. Kh4 Rxg2 1/2-1/2

[Event "FRA-chT2 0910"]
[Site "France"]
[Date "2010.01.24"]
[Round "7.6"]
[White "Auvray, Simon"]
[Black "Imbert, Christophe"]
[Result "1-0"]
[WhiteElo "2029"]
[BlackElo "2114"]
[PlyCount "127"]
[EventDate "2009.09.27"]
[EventType "team"]
[EventRounds "11"]
[EventCountry "FRA"]
[SourceDate "2009.07.26"]

1. e4 e5 2. Nf3 Nc6 3. Bb5 a6 4. Bxc6 dxc6 5. O-O f6 6. d4 exd4 7. Nxd4 c5 8.
Nb3 Qxd1 9. Rxd1 Bg4 10. f3 Be6 11. Bf4 c4 12. Nd4 O-O-O 13. Nc3 Rxd4 14. Rxd4
Bc5 15. Ne2 Ne7 16. c3 Nc6 17. Kf1 Bxd4 18. Nxd4 Bd7 19. Nxc6 Bxc6 20. Rd1 Re8
21. Kf2 Bd7 22. Re1 Re6 23. Be3 b6 24. Bf4 Kb7 25. g4 Kc6 26. e5 fxe5 27. Bxe5
h5 28. h3 g6 29. Bd4 Rxe1 30. Kxe1 Kd5 31. Ke2 c5 32. Bf2 b5 33. Ke3 b4 34. Kf4
a5 35. Kg5 hxg4 36. hxg4 Be8 37. Kf6 Kd6 38. Bg3+ Kd5 39. Bc7 a4 40. a3 Kc6 41.
Bg3 b3 42. Ke7 Bd7 43. Kf7 Bxg4 44. fxg4 Kd5 45. Kxg6 Ke4 46. Kf6 Kd3 47. g5
Kc2 48. g6 Kxb2 49. g7 Ka1 50. g8=Q b2 51. Qxc4 b1=Q 52. Bd6 Qh7 53. Qxc5 Kb2
54. c4 Qh4+ 55. Ke6 Qg4+ 56. Ke7 Qh4+ 57. Kd7 Ka2 58. Qd5 Kb1 59. Qd1+ Kb2 60.
Be5+ Kxa3 61. Qc1+ Kb4 62. Qc3+ Kc5 63. Bd6+ Kb6 64. Qb4+ 1-0

[Event "FRA-chT2 0910"]
[Site "France"]
[Date "2010.01.24"]
[Round "7.7"]
[White "Cheymol, Eric"]
[Black "Restout, Bruce"]
[Result "1/2-1/2"]
[WhiteElo "2084"]
[BlackElo "2046"]
[PlyCount "91"]
[EventDate "2009.09.27"]
[EventType "team"]
[EventRounds "11"]
[EventCountry "FRA"]
[SourceDate "2009.07.26"]

1. e4 c5 2. c3 d5 3. exd5 Qxd5 4. d4 Nc6 5. Nf3 cxd4 6. cxd4 e5 7. Nc3 Bb4 8.
Bd2 Bxc3 9. Bxc3 e4 10. Ne5 Nxe5 11. dxe5 Ne7 12. Qa4+ Bd7 13. Qa3 Bb5 14. Rd1
Bd3 15. Be2 Nc6 16. O-O O-O-O 17. Qa4 Kb8 18. Rfe1 Rhe8 19. Bxd3 exd3 20. Qf4
Ka8 21. a3 Nd4 22. Bxd4 Qxd4 23. Qxd4 Rxd4 24. Re3 Kb8 25. Kf1 Kc7 26. g3 g5
27. Rf3 Re7 28. Rf5 h6 29. f4 gxf4 30. gxf4 Kc6 31. Kf2 Red7 32. Rd2 Kd5 33.
Ke3 Re4+ 34. Kf3 Kd4 35. Rf6 Re1 36. Kf2 Rc1 37. Rxh6 Rc2 38. Ke1 Ke3 39. Rh3+
Kxf4 40. Rhxd3 Rxd3 41. Rxc2 Kxe5 42. Rc3 Rxc3 43. bxc3 b5 44. Kf1 Kf5 45. Kg1
Kg5 46. Kf1 1/2-1/2

[Event "FRA-chT2 0910"]
[Site "France"]
[Date "2010.01.24"]
[Round "7.8"]
[White "Auvray, Juliette"]
[Black "Millet, Maud"]
[Result "1-0"]
[WhiteElo "1963"]
[BlackElo "1988"]
[PlyCount "53"]
[EventDate "2009.09.27"]
[EventType "team"]
[EventRounds "11"]
[EventCountry "FRA"]
[SourceDate "2009.07.26"]

1. e4 d6 2. d4 Nf6 3. Nc3 Nbd7 4. f4 e5 5. Nf3 exd4 6. Qxd4 Nc5 7. e5 Ne6 8.
Qd3 Nd7 9. Be3 Be7 10. O-O-O O-O 11. h4 f5 12. Ng5 Nxg5 13. hxg5 Nb6 14. Bxb6
axb6 15. Qh3 h6 16. Qg3 Be6 17. Be2 hxg5 18. Qh3 g4 19. Qh7+ Kf7 20. Qh5+ Kg8
21. Qg6 Bf6 22. Rh6 Qe8 23. Qh7+ Kf7 24. exf6 Rg8 25. Qg6+ Kf8 26. fxg7+ Rxg7
27. Qxe6 1-0

[Event "FRA-chT2 0910"]
[Site "France"]
[Date "2010.01.24"]
[Round "7.1"]
[White "Coursaget, Nicolas"]
[Black "Lepelletier, Benoit"]
[Result "1/2-1/2"]
[WhiteElo "2329"]
[BlackElo "2423"]
[PlyCount "62"]
[EventDate "2009.09.27"]
[EventType "team"]
[EventRounds "11"]
[EventCountry "FRA"]
[SourceDate "2009.07.26"]

1. d4 Nf6 2. c4 e6 3. Nf3 b6 4. g3 Ba6 5. b3 b5 6. c5 Bb7 7. Bg2 d6 8. cxd6
cxd6 9. O-O Be7 10. Qd3 O-O 11. Nbd2 a6 12. Ng5 Bxg2 13. Kxg2 d5 14. a4 Nc6 15.
Ba3 Bxa3 16. Rxa3 Nb4 17. Qb1 Qb6 18. Ngf3 Rfc8 19. Rc1 Qb7 20. axb5 Qxb5 21.
Ra4 a5 22. Kf1 Rxc1+ 23. Qxc1 Ne4 24. Nxe4 dxe4 25. Ne5 Qd5 26. Qc7 f6 27. Qf7+
Kh8 28. Nc4 e3 29. fxe3 Qh1+ 30. Kf2 Qxh2+ 31. Ke1 Qxg3+ 1/2-1/2

[Event "FRA-chT2 0910"]
[Site "France"]
[Date "2010.01.24"]
[Round "7.2"]
[White "Graca, Robert"]
[Black "Marie, Maxime"]
[Result "1-0"]
[WhiteElo "2217"]
[BlackElo "2247"]
[PlyCount "101"]
[EventDate "2009.09.27"]
[EventType "team"]
[EventRounds "11"]
[EventCountry "FRA"]
[SourceDate "2009.07.26"]

1. Nf3 Nf6 2. c4 g6 3. Nc3 Bg7 4. e4 d6 5. d4 Nbd7 6. Be2 e5 7. O-O O-O 8. Be3
Re8 9. d5 a5 10. Nd2 Nc5 11. a3 Nfd7 12. b4 axb4 13. axb4 Rxa1 14. Qxa1 Na6 15.
Rb1 f5 16. f3 Bf6 17. Nb5 Bg5 18. Qa3 f4 19. Bf2 Bh4 20. Bxh4 Qxh4 21. Na7 Qe7
22. Qa5 Ndb8 23. Nxc8 Rxc8 24. Nb3 c5 25. dxc6 bxc6 26. c5 Nc7 27. cxd6 Qxd6
28. Rd1 Qe7 29. Bc4+ Kg7 30. Nc5 Kh6 31. Nb7 Nb5 32. Nd8 Nd7 33. Nxc6 Rxc6 34.
Qxb5 Rd6 35. Rb1 Rd2 36. Qb7 Qg5 37. Bf1 Nf6 38. Qe7 Qh4 39. Qxe5 Qf2+ 40. Kh1
Nh5 41. Qc5 Qh4 42. Qf8+ Ng7 43. b5 Rd8 44. Qc5 Ne6 45. Qc3 Qf2 46. Qf6 Rd6 47.
Qe5 Rb6 48. Qb2 Qe3 49. Qc1 Qd4 50. Bc4 Kg5 51. h4+ 1-0

[Event "FRA-chT2 0910"]
[Site "France"]
[Date "2010.01.24"]
[Round "7.3"]
[White "Le Borgne, Pierre"]
[Black "Romieux, Sebastien"]
[Result "1-0"]
[WhiteElo "2221"]
[BlackElo "2270"]
[PlyCount "59"]
[EventDate "2009.09.27"]
[EventType "team"]
[EventRounds "11"]
[EventCountry "FRA"]
[SourceDate "2009.07.26"]

1. e4 c5 2. Nf3 d6 3. d4 cxd4 4. Qxd4 Nc6 5. Bb5 Bd7 6. Bxc6 Bxc6 7. Nc3 Nf6 8.
Bg5 e6 9. O-O-O Be7 10. Kb1 O-O 11. Qd3 Qa5 12. h4 Rfd8 13. Nd4 Rac8 14. f3 a6
15. g4 b5 16. Nce2 b4 17. Ng3 Bb5 18. Qd2 Rd7 19. Nh5 Ne8 20. a3 Bf8 21. axb4
Qa4 22. b3 Qa3 23. Qe1 Rxc2 24. Nxc2 Qxb3+ 25. Kc1 Rc7 26. Rh2 d5 27. Qe3 Qa2
28. Qd4 dxe4 29. fxe4 Bxb4 30. Qxb4 1-0

[Event "FRA-chT2 0910"]
[Site "France"]
[Date "2010.01.24"]
[Round "7.4"]
[White "Dinayet, Kazi Rashedul"]
[Black "Decosse, Jean Fabien"]
[Result "0-1"]
[WhiteElo "2083"]
[BlackElo "2243"]
[PlyCount "82"]
[EventDate "2009.09.27"]
[EventType "team"]
[EventRounds "11"]
[EventCountry "FRA"]
[SourceDate "2009.07.26"]

1. e4 c6 2. d4 d6 3. Nf3 g6 4. Be2 Bg7 5. c3 Nd7 6. O-O e5 7. Qc2 Qe7 8. a4
Ngf6 9. Nbd2 O-O 10. b4 Re8 11. Bd3 d5 12. dxe5 dxe4 13. exf6 exd3 14. fxe7
dxc2 15. Bb2 a5 16. bxa5 Rxe7 17. Rfe1 Rxe1+ 18. Rxe1 Nf6 19. Nd4 Rxa5 20. Nc4
Rxa4 21. Nb6 Ra2 22. Bc1 Be6 23. Nxe6 fxe6 24. Kf1 Nd5 25. Nxd5 exd5 26. Bd2
Rb2 27. Rc1 Rb1 28. Ke2 Rxc1 29. Bxc1 Bxc3 30. Kd3 Bf6 31. Kxc2 Kf7 32. Kb3 Bd4
33. f4 Ke6 34. g4 b5 35. Bd2 c5 36. h3 Bg7 37. Be3 d4 38. Bc1 Kd5 39. Kc2 c4
40. h4 Ke4 41. Kd1 b4 0-1

[Event "FRA-chT2 0910"]
[Site "France"]
[Date "2010.01.24"]
[Round "7.5"]
[White "Marchadour, Emilie"]
[Black "Bouillot, Serge"]
[Result "1/2-1/2"]
[WhiteElo "2068"]
[BlackElo "2176"]
[PlyCount "133"]
[EventDate "2009.09.27"]
[EventType "team"]
[EventRounds "11"]
[EventCountry "FRA"]
[SourceDate "2009.07.26"]

1. e4 d6 2. d4 Nf6 3. Nc3 c6 4. Nf3 Bg4 5. Be2 e6 6. Be3 d5 7. e5 Nfd7 8. Ng5
Bxe2 9. Qxe2 h6 10. Qh5 g6 11. Qh3 Bg7 12. Nxe6 fxe6 13. Qxe6+ Qe7 14. Qxg6+
Kd8 15. f4 Nf8 16. Qg3 h5 17. f5 Bh6 18. Bxh6 Rxh6 19. O-O-O Rh7 20. Qf4 Qg7
21. h4 Qh6 22. Qg5+ Kc7 23. e6 Na6 24. Ne2 Re8 25. Nf4 Kd6 26. Rh3 Nc7 27. Nxh5
Ncxe6 28. fxe6 Nxe6 29. Qxh6 Rxh6 30. Ng3 Rf8 31. Nf1 Nxd4 32. Rxd4 Rxf1+ 33.
Rd1 Rf2 34. g4 Rg2 35. g5 Rxg5 36. Ra3 Rxh4 37. Rxa7 b5 38. a3 Rg2 39. Rf1 Rhh2
40. b4 Rxc2+ 41. Kb1 Rb2+ 42. Ka1 Ra2+ 43. Kb1 Rhb2+ 44. Kc1 Ra1+ 45. Kxb2 Rxf1
46. a4 bxa4 47. Rxa4 Rf4 48. Kc3 Rc4+ 49. Kb3 Rh4 50. Ra5 Rh3+ 51. Kc2 Rh4 52.
Kc3 Rc4+ 53. Kb3 Ke5 54. Ra1 Kd4 55. Rd1+ Ke3 56. Rh1 Re4 57. Rc1 d4 58. Rxc6
Ke2 59. Rc2+ Kd1 60. Rc5 d3 61. Kc3 d2 62. Rd5 Re3+ 63. Kc4 Kc2 64. Rxd2+ Kxd2
65. b5 Rc3+ 66. Kd5 Kd3 67. b6 1/2-1/2

[Event "FRA-chT2 0910"]
[Site "France"]
[Date "2010.01.24"]
[Round "7.6"]
[White "Mohammad, Fahim"]
[Black "Barbinis, Denis"]
[Result "0-1"]
[WhiteElo "1836"]
[BlackElo "2120"]
[PlyCount "62"]
[EventDate "2009.09.27"]
[EventType "team"]
[EventRounds "11"]
[EventCountry "FRA"]
[SourceDate "2009.07.26"]

1. d4 d5 2. c4 Nc6 3. Nf3 Bg4 4. Nc3 e6 5. e3 Bb4 6. Qa4 Bxf3 7. gxf3 dxc4 8.
Bxc4 a6 9. Bd3 Nge7 10. Bd2 e5 11. d5 Bxc3 12. Bxc3 Qxd5 13. Ke2 b5 14. Qc2 g6
15. f4 O-O 16. Be4 Qc4+ 17. Bd3 Qe6 18. fxe5 Nxe5 19. Bxe5 Qxe5 20. h4 Nd5 21.
Rad1 Nb4 22. Kf1 Nxd3 23. Rxd3 Qe4 24. Rh3 Rad8 25. Rc3 Qg4 26. Rg3 Qxh4 27.
Rxc7 Qh1+ 28. Ke2 Qh5+ 29. Kf1 Rd1+ 30. Qxd1 Qxd1+ 31. Kg2 Qd5+ 0-1

[Event "FRA-chT2 0910"]
[Site "France"]
[Date "2010.01.24"]
[Round "7.7"]
[White "Blanche, Paul"]
[Black "Rouffignac, Tanguy"]
[Result "1-0"]
[WhiteElo "2111"]
[BlackElo "1897"]
[PlyCount "57"]
[EventDate "2009.09.27"]
[EventType "team"]
[EventRounds "11"]
[EventCountry "FRA"]
[SourceDate "2009.07.26"]

1. Nf3 Nf6 2. b3 g6 3. Bb2 Bg7 4. g3 O-O 5. Bg2 d6 6. d4 Nbd7 7. c4 c6 8. O-O
Qc7 9. Qc2 e5 10. Nc3 Re8 11. e4 Ng4 12. Rad1 f5 13. exf5 gxf5 14. dxe5 dxe5
15. Nh4 f4 16. Nf5 Ndf6 17. Nd6 Rf8 18. Nce4 Nxh2 19. Nxf6+ Rxf6 20. Ne8 Qf7
21. Nxf6+ Bxf6 22. Kxh2 Qh5+ 23. Kg1 Bh3 24. Qe4 Bf5 25. Bf3 Qh3 26. Qe2 fxg3
27. fxg3 e4 28. Bg2 Qxg3 29. Rxf5 1-0

[Event "FRA-chT2 0910"]
[Site "France"]
[Date "2010.01.24"]
[Round "7.8"]
[White "Anamba Onana, Marie Therese"]
[Black "Doucet, Antoine"]
[Result "0-1"]
[WhiteElo "1680"]
[BlackElo "1782"]
[PlyCount "102"]
[EventDate "2009.09.27"]
[EventType "team"]
[EventRounds "11"]
[EventCountry "FRA"]
[SourceDate "2009.07.26"]

1. e4 c5 2. Nc3 Nc6 3. Nf3 g6 4. d4 cxd4 5. Nxd4 Bg7 6. Be3 Nf6 7. Bb5 O-O 8.
Qd2 Ng4 9. Nxc6 bxc6 10. Bc4 Nxe3 11. Qxe3 Qa5 12. O-O Rb8 13. Bb3 d6 14. Rfd1
Bg4 15. Re1 Rb7 16. h3 Bd7 17. Rad1 Qh5 18. Rd3 Be5 19. f4 Bg7 20. Qg3 Bf6 21.
Rf1 c5 22. Nd5 Bd4+ 23. Kh1 Bb5 24. c4 Bc6 25. f5 Bxb2 26. Bd1 Qh6 27. f6 Bxd5
28. exd5 Bxf6 29. Bb3 Qg5 30. Qf3 Qe5 31. Kg1 Qb2 32. Rf2 Bd4 33. Rdd2 Bxf2+
34. Qxf2 Qe5 35. Re2 Qf6 36. Qg3 Qd4+ 37. Re3 f5 38. Qf2 f4 39. Re6 Qxf2+ 40.
Kxf2 Rf6 41. Re4 g5 42. Kf3 h5 43. Kf2 Kf7 44. Kf3 e5 45. Re2 a5 46. Kf2 Rb4
47. Re4 a4 48. Bd1 Rb2+ 49. Kf1 Rxa2 50. Bxh5+ Kg7 51. Bd1 a3 0-1

[Event "FRA-chT2 0910"]
[Site "France"]
[Date "2010.01.24"]
[Round "7.1"]
[White "Delaunay, Sebastien"]
[Black "Bouget, Alexandre"]
[Result "1-0"]
[WhiteElo "2342"]
[BlackElo "2165"]
[PlyCount "77"]
[EventDate "2009.09.27"]
[EventType "team"]
[EventRounds "11"]
[EventCountry "FRA"]
[SourceDate "2009.07.26"]

1. d4 Nf6 2. c4 g6 3. Nc3 d5 4. cxd5 Nxd5 5. Bd2 Bg7 6. e4 Nxc3 7. Bxc3 c5 8.
Ne2 O-O 9. d5 b5 10. Bxg7 Kxg7 11. a4 b4 12. Rc1 Qd6 13. Qd2 Nd7 14. Ng3 Bb7
15. Bb5 Rfd8 16. O-O e6 17. Bxd7 Rxd7 18. Qg5 h6 19. Qg4 Qe5 20. Rxc5 h5 21.
Qh3 h4 22. Qxh4 exd5 23. Qg4 Rad8 24. b3 Kf8 25. exd5 Rxd5 26. Rxd5 Qxd5 27.
Qxb4+ Kg8 28. f3 a5 29. Qc3 Rc8 30. Qe3 Rc2 31. Re1 Bc6 32. Ne2 Rd2 33. Nf4 Qd7
34. h4 Rb2 35. h5 g5 36. Qe5 Qa7+ 37. Kh2 Qf2 38. Qxg5+ Kh7 39. Re7 1-0

[Event "FRA-chT2 0910"]
[Site "France"]
[Date "2010.01.24"]
[Round "7.2"]
[White "Peyre, Thomas"]
[Black "Chabradze, Boris"]
[Result "1-0"]
[WhiteElo "2054"]
[BlackElo "2218"]
[PlyCount "133"]
[EventDate "2009.09.27"]
[EventType "team"]
[EventRounds "11"]
[EventCountry "FRA"]
[SourceDate "2009.07.26"]

1. e4 c5 2. Nc3 e6 3. Nf3 d6 4. d4 cxd4 5. Nxd4 Nf6 6. Be3 a6 7. f3 Be7 8. Qd2
e5 9. Nb3 Be6 10. O-O-O Nbd7 11. g4 h6 12. h4 b5 13. Bh3 Nb6 14. Bxb6 Qxb6 15.
g5 Nh5 16. Bxe6 fxe6 17. gxh6 Rxh6 18. Rhg1 Kf8 19. f4 exf4 20. Nd4 Bxh4 21.
Nxe6+ Rxe6 22. Qd5 Rae8 23. Qxh5 Qe3+ 24. Kb1 Bg3 25. Rh1 b4 26. Qf5+ Kg8 27.
Rh7 Qf3 28. Rdh1 Qxh1+ 29. Rxh1 bxc3 30. Qh7+ Kf7 31. Qf5+ Kg8 32. Qd5 f3 33.
bxc3 f2 34. Kc1 Bh2 35. Rf1 Bg1 36. Kd2 Kf8 37. Kd3 Rf6 38. Qh5 Re5 39. Qh3 Ke7
40. Qg2 g5 41. c4 Rf4 42. Qh3 g4 43. Qh7+ Ke6 44. Qh6+ Rf6 45. Qg7 Ra5 46.
Qxg4+ Ke7 47. Qh3 Ra3+ 48. c3 Rxa2 49. Rb1 Rb2 50. Qh7+ Rf7 51. Qh4+ Kd7 52.
Qh3+ Kc7 53. Ra1 a5 54. c5 dxc5 55. Qg3+ Kb7 56. Qh3 a4 57. e5 Rb6 58. e6 Re7
59. Qf3+ Kc7 60. Rxa4 Rexe6 61. Ra7+ Kd6 62. Qf4+ Re5 63. Qf6+ Re6 64. Qf4+ Re5
65. Qf8+ Kc6 66. Qf6+ Kb5 67. c4+ 1-0

[Event "FRA-chT2 0910"]
[Site "France"]
[Date "2010.01.24"]
[Round "7.3"]
[White "Grill, Marc"]
[Black "Luco, Alain"]
[Result "1-0"]
[WhiteElo "2186"]
[BlackElo "2126"]
[PlyCount "93"]
[EventDate "2009.09.27"]
[EventType "team"]
[EventRounds "11"]
[EventCountry "FRA"]
[SourceDate "2009.07.26"]

1. e4 c5 2. Nf3 e6 3. d4 cxd4 4. Nxd4 a6 5. c4 Qc7 6. Nc3 Nf6 7. a3 Nc6 8. Be3
Be7 9. Be2 O-O 10. O-O d6 11. Rc1 Ne5 12. b4 Bd7 13. f4 Ng6 14. Nb3 Rac8 15. c5
e5 16. fxe5 Nxe5 17. Nd5 Nxd5 18. exd5 Ba4 19. Bd4 Ng6 20. Rc3 Rcd8 21. Bf3
Rfe8 22. Qc1 Bxb3 23. Rxb3 Bf8 24. c6 b5 25. Bh5 Re4 26. Qd2 Rde8 27. Rbf3 R8e7
28. Qd3 f6 29. Bxg6 hxg6 30. Rg3 Kf7 31. Re3 Rxe3 32. Bxe3 Qc8 33. Bf4 Re8 34.
h3 Qa8 35. a4 Qa7+ 36. Kh2 bxa4 37. Ra1 Qf2 38. Bg3 Qb6 39. Rxa4 Ra8 40. Bf4
Be7 41. b5 f5 42. Be3 Qd8 43. b6 Bf6 44. b7 Be5+ 45. Kg1 Rb8 46. Qxa6 f4 47.
Bxf4 1-0

[Event "FRA-chT2 0910"]
[Site "France"]
[Date "2010.01.24"]
[Round "7.4"]
[White "Le Masle, Raphael"]
[Black "Crouan, Stephane"]
[Result "1-0"]
[WhiteElo "2085"]
[BlackElo "2229"]
[PlyCount "79"]
[EventDate "2009.09.27"]
[EventType "team"]
[EventRounds "11"]
[EventCountry "FRA"]
[SourceDate "2009.07.26"]

1. c4 e5 2. Nc3 Nf6 3. Nf3 Nc6 4. e3 e4 5. Ng5 Qe7 6. Qc2 Nb4 7. Qb1 d5 8. cxd5
Bf5 9. Bb5+ c6 10. dxc6 bxc6 11. Bc4 h6 12. Nxf7 Qc5 13. b3 Rh7 14. Na4 Qe7 15.
Bb2 Nd7 16. f4 Be6 17. Ne5 Bxc4 18. Nxc4 Nd3+ 19. Kd1 Nf2+ 20. Ke2 Nxh1 21.
Qxh1 Qe6 22. h3 g5 23. g3 Nc5 24. Nxc5 Bxc5 25. Ne5 Qd5 26. Rc1 O-O-O 27. Rc2
gxf4 28. gxf4 Kb7 29. Qc1 Bd6 30. Bd4 Bxe5 31. fxe5 Qb5+ 32. Rc4 Rg8 33. Qa3 a6
34. Kd1 Rg1+ 35. Kc2 a5 36. Qf8 Rgg7 37. e6 Re7 38. Bc5 Rc7 39. a4 Qa6 40. e7
1-0

[Event "FRA-chT2 0910"]
[Site "France"]
[Date "2010.01.24"]
[Round "7.5"]
[White "Miraoui, Karim"]
[Black "Cartier, Nicolas"]
[Result "1/2-1/2"]
[WhiteElo "2080"]
[BlackElo "2102"]
[PlyCount "165"]
[EventDate "2009.09.27"]
[EventType "team"]
[EventRounds "11"]
[EventCountry "FRA"]
[SourceDate "2009.07.26"]

1. b3 e5 2. Bb2 Nc6 3. e3 Nf6 4. Ne2 d5 5. d4 Bb4+ 6. c3 Bd6 7. Na3 a6 8. Nc2
O-O 9. Ng3 exd4 10. Nxd4 Bg4 11. Nxc6 bxc6 12. Qc2 Re8 13. Bd3 d4 14. cxd4 Bb4+
15. Kf1 Nd5 16. Bxh7+ Kh8 17. Be4 Qf6 18. Kg1 Qg5 19. h3 Bd7 20. Bxd5 cxd5 21.
Qxc7 Qe7 22. Qe5 Be6 23. Rc1 Rac8 24. Qh5+ Kg8 25. Kh2 Bd2 26. Rc5 Rxc5 27. Ba3
Qf6 28. Bxc5 Qxf2 29. Rf1 Qxe3 30. Nf5 Qg5 31. Qxg5 Bxg5 32. Ng3 Bd7 33. Rf2
Re1 34. Re2 Rxe2 35. Nxe2 Bd2 36. Kg3 Bf5 37. Kf2 Bb1 38. a3 Ba2 39. b4 Bc4 40.
Ng1 Bb5 41. Ne2 f6 42. g3 g5 43. g4 Kf7 44. Kf3 Ke6 45. Bb6 Bd3 46. Bd8 Be4+
47. Kf2 f5 48. gxf5+ Bxf5 49. Ng1 g4 50. hxg4 Bxg4 51. Nf3 Bc3 52. Bb6 Bf5 53.
Ke3 Bc2 54. Ne5 Be4 55. Nd3 Bxd3 56. Kxd3 Be1 57. Bc5 Kd7 58. a4 Kc6 59. Ke3
Bg3 60. Kf3 Bh2 61. Kg4 Bc7 62. Kf5 Bg3 63. Ke6 Bf2 64. Ke7 Bh4+ 65. Ke8 Bg5
66. Kf7 Bh4 67. Ke6 Bf2 68. Ba7 Be3 69. Ke5 Bf2 70. Kf4 Bg1 71. Kg3 Be3 72. Kf3
Bg1 73. Ke2 Bh2 74. Kd3 Bg3 75. Bc5 Bh2 76. Be7 Bg3 77. Bg5 Be1 78. Bd2 Bg3 79.
Kc3 Bf2 80. Bf4 Be1+ 81. Kb3 Bf2 82. Be5 Be1 83. Bf6 1/2-1/2

[Event "FRA-chT2 0910"]
[Site "France"]
[Date "2010.01.24"]
[Round "7.6"]
[White "Villeseche, Yoann"]
[Black "Martinez, Jean Philippe"]
[Result "0-1"]
[WhiteElo "1937"]
[BlackElo "2098"]
[PlyCount "63"]
[EventDate "2009.09.27"]
[EventType "team"]
[EventRounds "11"]
[EventCountry "FRA"]
[SourceDate "2009.07.26"]

1. e4 c5 2. Nf3 g6 3. d4 cxd4 4. Nxd4 Bg7 5. c4 Nf6 6. Nc3 Nc6 7. Be3 Ng4 8.
Qxg4 Nxd4 9. Qd1 Ne6 10. Be2 Bxc3+ 11. bxc3 Qc7 12. O-O b6 13. f4 Nc5 14. Bxc5
Qxc5+ 15. Qd4 Bb7 16. Qxc5 bxc5 17. e5 Rf8 18. Rab1 Bc6 19. Rb3 f6 20. Ra3 Bb7
21. Ra5 fxe5 22. fxe5 Rxf1+ 23. Kxf1 d6 24. Bf3 Bxf3 25. gxf3 a6 26. Kf2 Kd7
27. Ke3 Kc6 28. Ke4 Kb6 29. Ra3 Rc8 30. Rb3+ Kc6 31. Ra3 Re8 32. f4 {suite
illisible} 0-1

[Event "FRA-chT2 0910"]
[Site "France"]
[Date "2010.01.24"]
[Round "7.7"]
[White "Murie, Eric"]
[Black "Foussard, Gervais"]
[Result "0-1"]
[WhiteElo "2092"]
[BlackElo "1919"]
[PlyCount "56"]
[EventDate "2009.09.27"]
[EventType "team"]
[EventRounds "11"]
[EventCountry "FRA"]
[SourceDate "2009.07.26"]

1. e4 c5 2. c3 d5 3. exd5 Qxd5 4. Nf3 Nc6 5. d4 cxd4 6. cxd4 e6 7. Be2 Nf6 8.
Nc3 Bb4 9. O-O Qa5 10. Qc2 O-O 11. Be3 Bd7 12. Rfd1 Rac8 13. Rac1 Ne7 14. Qd3
Ng6 15. Bd2 Bc6 16. a3 Be7 17. Nb5 Qb6 18. b4 Ne4 19. Be3 Bxb5 20. Qxb5 Qxb5
21. Bxb5 Nc3 22. Bd3 Nxd1 23. Rxd1 Rc3 24. Bc1 Rfc8 25. Bb2 Rb3 26. Rd2 a5 27.
d5 Bf6 28. Bxf6 Rxd3 0-1

[Event "FRA-chT2 0910"]
[Site "France"]
[Date "2010.01.24"]
[Round "7.8"]
[White "Josse, Mathilde"]
[Black "Marchadour, Claire"]
[Result "0-1"]
[WhiteElo "1707"]
[BlackElo "2061"]
[PlyCount "90"]
[EventDate "2009.09.27"]
[EventType "team"]
[EventRounds "11"]
[EventCountry "FRA"]
[SourceDate "2009.07.26"]

1. e4 c5 2. Nf3 a6 3. d4 cxd4 4. Nxd4 e5 5. Nf3 Nf6 6. Nc3 Bb4 7. Bd2 Nc6 8.
Bd3 d5 9. Nxd5 Nxd5 10. exd5 Qxd5 11. O-O Bg4 12. Bxb4 Bxf3 13. Qxf3 Qxf3 14.
gxf3 Nxb4 15. Be4 O-O-O 16. a3 Nd5 17. Rad1 Nf4 18. Rfe1 g6 19. c3 Kc7 20. Bc2
f6 21. Kf1 h5 22. h4 Rxd1 23. Rxd1 Rg8 24. Kg1 g5 25. hxg5 Rxg5+ 26. Kh1 Nh3
27. Rd2 Rg7 28. Bf5 Nf4 29. a4 Rg5 30. Bc2 Rg8 31. Be4 b6 32. Kh2 h4 33. b3 a5
34. Bf5 Rd8 35. Rb2 Rd1 36. Be4 Rc1 37. c4 Rc3 38. Rb1 Kd6 39. Rb2 Kc5 40. Rb1
Kb4 41. Bc6 Rxb3 42. Rxb3+ Kxb3 43. Bb5 Kc3 44. Kg1 Ne2+ 45. Kg2 Nd4 0-1

[Event "FRA-chT2 0910"]
[Site "France"]
[Date "2010.01.24"]
[Round "7.1"]
[White "Bleunven, Andre"]
[Black "Monroy, Charles"]
[Result "0-1"]
[WhiteElo "2273"]
[BlackElo "2433"]
[PlyCount "72"]
[EventDate "2009.09.27"]
[EventType "team"]
[EventRounds "11"]
[EventCountry "FRA"]
[SourceDate "2009.07.26"]

1. d4 Nf6 2. Bg5 e6 3. e3 c5 4. c3 b6 5. Nd2 Bb7 6. Ngf3 Be7 7. Bd3 d5 8. Bxf6
Bxf6 9. Qe2 Nc6 10. dxc5 bxc5 11. e4 O-O 12. e5 Be7 13. h4 h6 14. O-O-O Qa5 15.
Bb1 Ba6 16. Qe3 c4 17. Nf1 Rab8 18. Re1 Bc5 19. Qd2 Ba3 20. Qc2 Bxb2+ 21. Kd1
f5 22. exf6 Rxf6 23. Qh7+ Kf8 24. Qh8+ Kf7 25. Ne5+ Nxe5 26. Qxb8 Bxc3 27. Rxe5
Bxe5 28. Qxe5 Qb6 29. Nd2 Rxf2 30. h5 d4 31. Bg6+ Kg8 32. Nf3 c3 33. Re1 Bc4
34. Qf4 c2+ 35. Bxc2 d3 36. Qxc4 dxc2+ 0-1

[Event "FRA-chT2 0910"]
[Site "France"]
[Date "2010.01.24"]
[Round "7.2"]
[White "Lejarre, Ludovic"]
[Black "Guyader, Thierry"]
[Result "1-0"]
[WhiteElo "2374"]
[BlackElo "2136"]
[PlyCount "39"]
[EventDate "2009.09.27"]
[EventType "team"]
[EventRounds "11"]
[EventCountry "FRA"]
[SourceDate "2009.07.26"]

1. e4 c5 2. Nf3 Nc6 3. Nc3 g6 4. d4 cxd4 5. Nxd4 Bg7 6. Be3 Nf6 7. Bc4 O-O 8.
Bb3 d6 9. h3 Bd7 10. O-O Qa5 11. f4 Qh5 12. Qd2 Rfd8 13. a3 Na5 14. Ba2 Rac8
15. Qd3 a6 16. Nf3 Rf8 17. e5 dxe5 18. fxe5 Bf5 19. Qd4 Rxc3 20. Qxc3 1-0

[Event "FRA-chT2 0910"]
[Site "France"]
[Date "2010.01.24"]
[Round "7.3"]
[White "Bollore, Jacques"]
[Black "Demanghon, Jonathan"]
[Result "1/2-1/2"]
[WhiteElo "2129"]
[BlackElo "2222"]
[PlyCount "74"]
[EventDate "2009.09.27"]
[EventType "team"]
[EventRounds "11"]
[EventCountry "FRA"]
[SourceDate "2009.07.26"]

1. e4 e6 2. d4 d5 3. Nc3 Nf6 4. Bg5 Bb4 5. exd5 Qxd5 6. Bxf6 Bxc3+ 7. bxc3 gxf6
8. Qd3 Nc6 9. Nf3 e5 10. c4 Qa5+ 11. c3 Bf5 12. Qd2 O-O-O 13. d5 Qa4 14. Nh4
Bg6 15. Nxg6 fxg6 16. Qb2 Ne7 17. Rb1 b6 18. Be2 c6 19. dxc6 Qxc6 20. O-O Rd6
21. Qa3 Rd7 22. c5 Qxc5 23. Ba6+ Kc7 24. Qa4 Nc8 25. Rb4 Qe7 26. c4 Rd4 27. Rc1
Rhd8 28. h3 Rd1+ 29. Rxd1 Rxd1+ 30. Qxd1 Qxb4 31. Qd5 Nd6 32. Bb5 Qe1+ 33. Kh2
Qe4 34. Qe6 Qf4+ 35. Kg1 Qc1+ 36. Kh2 Qf4+ 37. Kg1 Qc1+ 1/2-1/2